logo

Bir Sreshtho Munshi Abdur Rouf Library
Jhenaidah Cadet College

Wordsworth : (Record no. 6946)

MARC details
000 -LEADER
fixed length control field 00836nam a2200301 a 4500
001 - CONTROL NUMBER
JCCL Control Number 6946
003 - CONTROL NUMBER IDENTIFIER
JCCL marc code BD-JhCC
005 - DATE AND TIME OF LATEST TRANSACTION
control field 20180225173414.0
008 - FIXED-LENGTH DATA ELEMENTS--GENERAL INFORMATION
fixed length control field 180102s1975 0 eng d
020 ## - INTERNATIONAL STANDARD BOOK NUMBER
International Standard Book Number 0674957776
035 ## - SYSTEM CONTROL NUMBER
system control number (BD-JhCC)6946
035 ## - SYSTEM CONTROL NUMBER
system control number (OCoLC)01223952
035 ## - SYSTEM CONTROL NUMBER
system control number GLIS00013442
040 ## - CATALOGING SOURCE
Transcribing agency BD-JhCC
Modifying agency OCL
-- MYG
Original cataloging agency BD-JhCC
041 ## - LANGUAGE CODE
Language code of Book eng
050 0# - LIBRARY OF CONGRESS CALL NUMBER
Classification number PR5882
Item number .R43
082 ## - DEWEY DECIMAL CLASSIFICATION NUMBER
Classification number WOR 1975
Author mark and Year 821.7
099 ## - LOCAL FREE-TEXT CALL NUMBER
Classification number PR5882.R43
100 1# - MAIN ENTRY--PERSONAL NAME
Personal name Reed, Mark L.
245 10 - TITLE STATEMENT
Title Wordsworth :
Remainder of title the chronology of the middle years, 1800-1815 /
Statement of responsibility, etc Mark L. Reed.
260 ## - PUBLICATION, DISTRIBUTION, ETC. (IMPRINT)
Place of publication, distribution, etc Cambridge, Mass. :
Name of publisher, distributor, etc Harvard University Press,
Date of publication, distribution, etc 1975.
300 ## - PHYSICAL DESCRIPTION
Pagination xiii, 240 p. ;
Dimensions 22 cm.
504 ## - BIBLIOGRAPHY, ETC. NOTE
Bibliography, etc .
600 10 - SUBJECT ADDED ENTRY--PERSONAL NAME
Personal name Wordsworth, William,
Dates associated with a name 1770-1850
650 ## - SUBJECT ADDED ENTRY--TOPICAL TERM
Topical term or geographic name as entry element Prose
942 ## - ADDED ENTRY ELEMENTS (KOHA)
Source of classification or shelving scheme Dewey Decimal Classification
Koha item type Books
Holdings
Source of classification or shelving scheme Damaged status Not for loan Home library Current library Shelving location Date of accession Total Checkouts Full call number Barcode Date last seen Date checked out Copy number Koha item type
Dewey Decimal Classification     JCC Rouf Library JCC Rouf Library General Stacks 02/08/2024 1 821.7 WOR 1975 8742 03/04/2024 02/08/2024 C-1 Books

JCC Library | Contacts | JCC Home

Last Update on 23 September 2017
Copyright @ 2017-2020 JCC Rouf Library
Rouf Library, Jhenidah Cadet College (JCC), Bangladesh